Měření výkonnosti procesu a programy SIX SIGMA

Problematika merania výkonnosti procesov v súvislosti s rozvojom systémov manažmentu kvality. Základné pravidlá a postupy merania výkonnosti procesov. Využitie prístupu Six Sigma na meranie výkonnosti procesov.

Saved in:
Bibliographic Details
Main Author: Nenadál, Jaroslav
Format: Book Chapter
Language:Czech
Subjects:
Tags: Add Tag
No Tags, Be the first to tag this record!

MARC

LEADER 00000naa$a2200000$$$4500
001 0035198
005 20231011134838.0
041 0 |a cze 
044 |a SK 
245 1 0 |a Měření výkonnosti procesu a programy SIX SIGMA  |c Jaroslav Nenadál 
520 |a Problematika merania výkonnosti procesov v súvislosti s rozvojom systémov manažmentu kvality. Základné pravidlá a postupy merania výkonnosti procesov. Využitie prístupu Six Sigma na meranie výkonnosti procesov. 
610 2 0 |a procesy podnikové 
610 2 0 |a výkonnosť 
610 2 0 |a programy racionalizačné 
610 2 0 |a kvalita 
610 2 0 |a metodika 
100 1 |a Nenadál, Jaroslav